000 00568nam a2200181 i 4500
001 171676
003 ES-MaACL
005 20230906214709.0
008 090526s1960 sp |||| | spa d
080 _a839.7-14"19"(082.2)
245 0 0 _aSoledades de seis poetas suecos /
_cPär Lagerkvist... [et al.] ; traducción de Matica Goulard.
260 _aMadrid :
_bÍnsula,
_c1960.
300 _a79 p. ;
_c27 cm.
650 1 4 _aPoesías suecas-
_yS.XX.
_9140336
700 1 _aLagerkvist, Pär.
_969570
700 1 _aGoulard, Matica.
_959330
852 _aES-MaACL
_jC-18918
999 _c171676
_d171676